| 000 | 00951cab a22002175a 4500 | ||
|---|---|---|---|
| 001 | L144142 | ||
| 008 | 080624e20080621xxkad f s 000 0 eng d | ||
| 035 | _a(Sirsi) u144142 | ||
| 041 | 0 | _aeng | |
| 100 | 1 | _aThame, David | |
| 245 | 0 | 0 |
_aFocus _bMerseyside |
| 260 | _c2008 | ||
| 490 | 0 |
_aEstates Gazette _v(0824) 21 June 2008, 105-129(14 ) |
|
| 520 | _aReports on opposition to Tesco and Everton FC's plan to build a new stadium at a retail-led development scheme in Kirby. Reviews the Liverpool office market. Looks at Liverpool's new retail centre, Liverpool One. Reports on the current state of play in the industrial property market and explains why it is getting harder for landlords. Discusses a large regeneration development project for the Wirral. | ||
| 590 | _aKA | ||
| 651 | 4 | _aLiverpool | |
| 690 | _aPROPERTY-COMMERCIAL PROPERTY-COMMERCIAL PROPERTY MARKET | ||
| 700 | 1 | _aQuinn, David | |
| 700 | 1 | _aCunningham, Daniel | |
| 942 | _n0 | ||
| 999 |
_c80361 _d80361 |
||